000 00826nam a22001817a 4500
999 _c61423
_d61423
005 20240311173024.0
008 240311s2002 ru ||||| |||| 00| 0 rus d
020 _a5020087610
041 _arus
080 _a902/904 O-94
245 _aОчерки истории отечественной археологии :
_bВып. III /
_cСост. А.А. Формозов: Россиская академия наук. Институт археологии.
264 _aМ.:
_bНаука,
_c2002.
300 _a196 с.:
_bил.;
_c22 cm.
653 _aნარკვევები რუსული არქეოლოგიის ისტორიის შესახებ
653 _aარქეოლოგია
700 _aФормозов А. А.
_eშემდგენელი
_921390
942 _2udc
_cBK